Radical political economy (Record no. 250463)

MARC details
000 -LEADER
fixed length control field 00681nam a2200241Ia 4500
003 - CONTROL NUMBER IDENTIFIER
control field OSt
005 - DATE AND TIME OF LATEST TRANSACTION
control field 20220918212122.0
008 - FIXED-LENGTH DATA ELEMENTS--GENERAL INFORMATION
fixed length control field 220917b |||||||| |||| 00| 0 eng d
037 ## - SOURCE OF ACQUISITION
Terms of availability Textual
040 ## - CATALOGING SOURCE
Original cataloging agency ARTS
Transcribing agency ARTS
Language of cataloging eng
041 ## - LANGUAGE CODE
Source of code eng
Language code of text/sound track or separate title eng
100 ## - MAIN ENTRY--PERSONAL NAME
Personal name Sherman Howard
9 (RLIN) 122549
245 #0 - TITLE STATEMENT
Title Radical political economy
Remainder of title capitalism and socialism from a Marxist-Humanist perspective
260 ## - PUBLICATION, DISTRIBUTION, ETC.
Place of publication, distribution, etc. New York
Name of publisher, distributor, etc. Basic Books
Date of publication, distribution, etc. 1972
300 ## - PHYSICAL DESCRIPTION
Extent xv,431p. illus
Dimensions cm.
650 ## - SUBJECT ADDED ENTRY--TOPICAL TERM
Topical term or geographic name entry element ECONOMICS
942 ## - ADDED ENTRY ELEMENTS (KOHA)
Classification part X0aW, L2
Koha item type Textual
Source of classification or shelving scheme Colon Classification (CC)
Holdings
Withdrawn status Lost status Damaged status Not for loan Home library Current library Date acquired Total Checkouts Full call number Barcode Date last seen Price effective from Koha item type
        Arts Library Arts Library 2022-09-18   X0aW L2 AL0513855 2022-09-18 2022-09-18 Textual
Copyright @ Delhi University Library System